02033nam a2200301 i 4500001001000000003000900010005001700019007000300036008004100039040003000080041000800110082002000118110008500138245013800223264007700361300002900438336002800467337003500495338003000530505045100560942001401011952014101025952014201166952014201308952013001450952013601580999001501716000007189DO-SdBNP20260310133656.0ta090907s2006 dr 001 0 spa d aDO-SdBNPbspacBNPHUerda aspa 4axxxxbR426i2221 aRepública Dominicana.bOficina Nacional de Administración y Personal 92639810aInstructivo para la incorporación de los actuales funcionarios y empleados civiles del poder ejecutivo a la carrera administrativa. aSanto Domingo :bOficina Nacional de Administración y Personal,c2006. a187 páginas ;c22 cm . atextobtxt2rdacontent  asin mediación bn2rdamedia  avolumen bnc2rdacarrier2 aDecreto 538-03, sobre ingreso de nuevo personal a la carrera administrativa general y unificación de nóminas -- Decreto 668-05, que declara de interés nacional la profesionalización de la función pública y la de aplicación integral de la Ley de Servicio Civil y carrera administrativa -- Decretos 611-05 y 683-05 que ortorgan el nombramiento de servidores públicos de carrera a los empleados incorporados en los actos X ,XI y XII. 2ddccLBS1 00102ddc56708DSaBNPHUbBNPHUcHDd2013-05-02l0oBNPHU DS xxx R426ip7189-30r2020-06-25te.3w2020-06-25yLBS1ZPréstamo en sala 00102ddc56708DSaBNPHUbBNPHUcHDd2013-05-02l0oBNPHU DS xxx R426ip7189-40r2020-06-25te. 4w2020-06-25yLBS1ZPréstamo en sala 00102ddc56708DSaBNPHUbBNPHUcHDd2013-05-10l0oBNPHU DS xxx R426ip7189-50r2020-06-25te. 5w2020-06-25yLBS1ZPréstamo en sala 00102ddc51708PDaBNPHUbBNPHUcHDd2009-09-07l0oBNPHU DS xxx R426ip7189-10r2020-06-25w2020-06-25yLBS1ZNo se presta 00102ddc51708PDaBNPHUbBNPHUcHDd2013-04-12l0oBNPHU DS xxx R426ip7189-20r2020-06-25te. 2w2020-06-25yLBS1ZNo se presta c6970d6970